Проповед. Проповедник. Слушатели (Запис номер 332036)
[ съкратено ]
| 000 -Лидер | |
|---|---|
| Контролно поле с фиксирана дължина | nam a22 a 4500 |
| 003 - Код на организацията, давaща контролен номер | |
| Контролно поле | BLK |
| 005 - Дата и час на последна редакция | |
| Контролно поле | 20201007040607.0 |
| 008 - Елементи от данни с фиксирана дължина | |
| fixed length control field | 190703b bu d|||gr|||| 00| 0 bu d |
| 020 ## - Международен стандартен номер на книга ISBN | |
| Международен стандартен номер на книга ISBN | 9786199109502 |
| 040 ## - Източник на каталожния запис | |
| Идентификатор на билиотеката - собственик на записа | BLK |
| 041 ## - Код за език | |
| Код за езика на текст/звукозапис или на отделно заглавие | Български |
| Код за езика КДБФ | Български |
| 080 ## - УДК | |
| Текстов определител УДК | Християнска религиозна практика. Практическо богословие |
| УДК код - определител по УДК | 27-4 |
| УДК - код + определител | 27-4 |
| 100 ## - Редна дума - Автор | |
| Автор | Александров, Андриан Владимиров |
| Авторска отговорност | първи автор |
| R(LIN) | 1299 |
| 139 ## - Редно поле | |
| Редна дума | Александров, Андриан Владимиров |
| Авторски знак | Алекс - А 51 |
| 245 ## - Сведения за заглавието | |
| Заглавие | Проповед. Проповедник. Слушатели |
| Дата на създаване на произведението | 2018 |
| 260 ## - Област на издателските данни | |
| 9 (RLIN) | 219091 |
| Място на издаване, разпространение и проч. | София |
| Име на издателя, разпространителя и проч. | Фонд. за регион. развитие |
| Година на издаване | 2018 |
| Печатница | Симолини 94 |
| 300 ## - Физическа характеристика | |
| Страници | 300 с. |
| Илюстрации и др. | със сх. |
| Размери/Мащаб | 21 см |
| 380 ## - Жанр | |
| Жанр | Религия. Теология |
| 504 ## - Забележка за наличие на библиография и др | |
| Забележка за наличие на библиография и под. | Библиогр.: с. 290-299 |
| 650 #0 - Допълнително описание по предмет – тема | |
| 9 (RLIN) | 260896 |
| Основно описание – тема или топоним | Християнство - проповеди |
| 700 ## - Други автори (авторска отговорност) | |
| 9 (RLIN) | 695 |
| Лично име | Тонева, Клара |
| Автороска отговорност (Описва отношението между автора и произведението) | науч. ред. |
| 700 ## - Други автори (авторска отговорност) | |
| 9 (RLIN) | 390711 |
| Лично име | Иванова, Татяна |
| Автороска отговорност (Описва отношението между автора и произведението) | корица |
| 852 ## - Местоположение | |
| Форматна сигнатура | Цб 295354 |
| 999 ## - СИСТЕМНИ КОНТРОЛНИ НОМЕРА | |
| Koha biblionumber | 332036 |
| Koha biblioitemnumber | 332036 |
| 942 ## - АРТИКУЛИ | |
| Вид на библиотечния материал | Книги |
| Скрит в OPAC | Не |
| 944 ## - СЪЗДАВАНЕ И РЕДАКЦИЯ на ЗАПИСА | |
| Създаване/Редакция | Създаване |
| Дата на регистрацията/редакция | 2019-07-03 |
| Служител, извършил регистрацията/редакцията | Моника Янева |
| Статус, дата на статуса | 2019-07-03 |
| Код за отписване | Код за изгубен артикул | Източник на класификационната схема | Код за повреда | Коз за рестрикции | Код за отдаване | Артикулен № | Име на библиотеката - собственик | Име на библиотеката, в която се намира в момента | Статус (Текущо местоположение) | Дата на вписване в системата | Местоположение - отдел | Цена в лева | Систематично азбучна сигнатура | Баркод | Цена в евро | Служебен тип на артикула |
|---|---|---|---|---|---|---|---|---|---|---|---|---|---|---|---|---|
| Не е изгубен | Universal Decimal Classification | Не е повреден | без рестрикции | ползва се в читалня | 729460 | Регионална библиотека "Любен Каравелов" Русе | Регионална библиотека "Любен Каравелов" Русе | Хранилище | 2019-07-10 | Хранилище | 12.00 | Цб 295354 | 120000832794 | 6.14 | Книги |